Văn học giáo dục thế kỷ XXI

Đã lưu trong:
Chi tiết về thư mục
Định dạng: Sách
Được phát hành: 2000
Các nhãn: Thêm thẻ
Không có thẻ, Là người đầu tiên thẻ bản ghi này!
Thư viện lưu trữ: Mạng thư viện Đại học Đà Nẵng
LEADER 00454nam a22001811a 4500
001 000039180
003 15475
005 20160412021929.0
008 160412s2000 000
082 |a 4V(TK)799-01 
245 |a Văn học giáo dục thế kỷ XXI  |c Phan Trọng Luận 
260 |c 2000 
OWN |a LNN 
999 |a From the UDN01 
TYP |a Monograph 
980 |a Mạng thư viện Đại học Đà Nẵng